Toutes les communes de l'Hérault sur une carte - Statistiques

Statistiques générales
  • Ce quiz a été pris 2 122 fois
  • Le résultat moyen est 55 sur 342
Réponses sur la Carte
Les réponses sont colorées sur une échelle allant du rouge au vert en fonction du pourcentage des utilisateurs qui les ont devinées à leur premier essai. Vous pouvez retrouver ces pourcentages ci-dessous.
 
Statistiques - réponses
Communes % Correct
Montpellier
97%
Béziers
89%
Sète
87%
Agde
81%
Frontignan
69%
Lunel
68%
Palavas-les-Flots
68%
La Grande-Motte
67%
Lattes
65%
Castelnau-le-Lez
60%
Lodève
58%
Mauguio
58%
Saint-Jean-de-Védas
55%
Clermont-l'Hérault
54%
Pézenas
54%
Marseillan
53%
Juvignac
52%
Pérols
52%
Mèze
48%
Villeneuve-lès-Maguelone
48%
Gignac
46%
Vias
43%
Jacou
42%
Valras-Plage
40%
Baillargues
39%
Bédarieux
39%
Saint-Gély-du-Fesc
38%
Saint-Guilhem-le-Désert
38%
Sérignan
38%
Vendargues
38%
Balaruc-les-Bains
37%
Villeneuve-lès-Béziers
37%
Ganges
36%
Le Crès
36%
Gigean
35%
Pignan
35%
Fabrègues
33%
Grabels
33%
Clapiers
32%
Cournonterral
31%
Bouzigues
30%
Castries
30%
Lunel-Viel
30%
Poussan
30%
Saint-Clément-de-Rivière
30%
Saint-Martin-de-Londres
30%
Saint-Mathieu-de-Tréviers
30%
Balaruc-le-Vieux
29%
Lavérune
28%
Aniane
27%
Bessan
27%
Mireval
27%
Prades-le-Lez
27%
Servian
27%
Vic-la-Gardiole
27%
Viols-le-Fort
27%
Cournonsec
26%
Montagnac
26%
Montferrier-sur-Lez
26%
Saint-Aunès
26%
Cazouls-lès-Béziers
25%
Murviel-lès-Béziers
25%
Paulhan
25%
Portiragnes
25%
Vendres
24%
Villeveyrac
24%
Canet
23%
Capestang
23%
Florensac
23%
Loupian
23%
Saint-Georges-d'Orques
23%
Lamalou-les-Bains
22%
Marsillargues
22%
Montarnaud
22%
Murviel-lès-Montpellier
22%
La Salvetat-sur-Agout
21%
Montblanc
21%
Le Caylar
20%
Magalas
20%
Roujan
20%
Saint-Pons-de-Thomières
20%
Sauvian
20%
Teyran
20%
Boujan-sur-Libron
19%
Saint-André-de-Sangonis
19%
Saint-Chinian
19%
Saint-Thibéry
19%
Lansargues
18%
Maraussan
18%
Montady
18%
Montbazin
18%
Saint-Bauzille-de-Putois
18%
Sussargues
18%
Assas
17%
Les Matelles
17%
Bassan
16%
Cers
16%
Lespignan
16%
Saint-Brès
16%
Saint-Félix-de-Lodez
16%
Saint-Jean-de-Cuculles
16%
Saussan
16%
Vailhauquès
16%
Abeilhan
15%
Adissan
15%
Caux
15%
Colombiers
15%
Le Bosc
15%
Le Pouget
15%
Lunas
15%
Mudaison
15%
Nissan-lez-Enserune
15%
Pinet
15%
Saint-Drézéry
15%
Saint-Jean-de-Fos
15%
Valros
15%
Viols-en-Laval
15%
Alignan-du-Vent
14%
Aumelas
14%
Avène
14%
Candillargues
14%
Cessenon-sur-Orb
14%
Claret
14%
Hérépian
14%
Maureilhan
14%
Minerve
14%
Mourèze
14%
Olargues
14%
Pomérols
14%
Saint-Just
14%
Saint-Pargoire
14%
Saint-Paul-et-Valmalle
14%
Valergues
14%
Le Bousquet-d'Orb
13%
Le Puech
13%
Lézignan-la-Cèbe
13%
Mons
13%
Montpeyroux
13%
Notre-Dame-de-Londres
13%
Octon
13%
Olonzac
13%
Quarante
13%
Roquebrun
13%
Thézan-lès-Béziers
13%
Tourbes
13%
Aspiran
12%
Castelnau-de-Guers
12%
Combaillaux
12%
Faugères
12%
Lacoste
12%
Lignan-sur-Orb
12%
Mas-de-Londres
12%
Nézignan-l'Évêque
12%
Puisserguier
12%
Restinclières
12%
Aigues-Vives
11%
Beaulieu
11%
Boisseron
11%
Cazevieille
11%
Celles
11%
Corneilhan
11%
Fraisse-sur-Agout
11%
La Boissière
11%
Laroque
11%
La Tour-sur-Orb
11%
Montaud
11%
Nébian
11%
Pouzols
11%
Puéchabon
11%
Puissalicon
11%
Saint-Geniès-des-Mourgues
11%
Villetelle
11%
Argelliers
10%
Cruzy
10%
Entre-Vignes
10%
Espondeilhan
10%
Fontès
10%
Laurens
10%
Lieuran-lès-Béziers
10%
Murles
10%
Poilhes
10%
Pouzolles
10%
Saint-Bauzille-de-Montmel
10%
Saint-Maurice-Navacelles
10%
Saint-Pons-de-Mauchiens
10%
Saturargues
10%
Soubès
10%
Valflaunès
10%
Vendémian
10%
Villeneuvette
10%
Aumes
9%
Brissac
9%
Cabrières
9%
Cazouls-d'Hérault
9%
Ceyras
9%
Colombières-sur-Orb
9%
Fos
9%
Gabian
9%
Guzargues
9%
Lauret
9%
Le Triadou
9%
Neffiès
9%
Pégairolles-de-l'Escalette
9%
Plaissan
9%
Puimisson
9%
Riols
9%
Saint-Gervais-sur-Mare
9%
Saint-Jean-de-Buèges
9%
Saint-Vincent-de-Barbeyrargues
9%
Tressan
9%
Arboras
8%
Autignac
8%
Babeau-Bouldoux
8%
Bélarga
8%
Brignac
8%
Campagne
8%
Causse-de-la-Selle
8%
Graissessac
8%
Le Poujol-sur-Orb
8%
Liausson
8%
Montels
8%
Nizas
8%
Péret
8%
Pézènes-les-Mines
8%
Puilacher
8%
Saint-Bauzille-de-la-Sylve
8%
Sainte-Croix-de-Quintillargues
8%
Saint-Geniès-de-Fontedit
8%
Saint-Julien
8%
Vailhan
8%
Vieussan
8%
Agel
7%
Assignan
7%
Campagnan
7%
Castanet-le-Haut
7%
Caussiniojouls
7%
Cazedarnes
7%
Cazilhac
7%
Courniou
7%
Creissan
7%
Fontanès
7%
Galargues
7%
Garrigues
7%
Lagamas
7%
Les Aires
7%
Le Soulié
7%
Les Rives
7%
Margon
7%
Pardailhan
7%
Pégairolles-de-Buèges
7%
Popian
7%
Poujols
7%
Prémian
7%
Roqueredonde
7%
Rosis
7%
Saint-Jean-de-la-Blaquière
7%
Saint-Jean-de-Minervois
7%
Saint-Nazaire-de-Pézan
7%
Salasc
7%
Saussines
7%
Sauteyrargues
7%
Usclas-d'Hérault
7%
Agonès
6%
Aigne
6%
Berlou
6%
Buzignargues
6%
Cabrerolles
6%
Cambon-et-Salvergues
6%
Causses-et-Veyran
6%
Cébazan
6%
Ceilhes-et-Rocozels
6%
Combes
6%
Félines-Minervois
6%
Ferrals-les-Montagnes
6%
Ferrières-les-Verreries
6%
Joncels
6%
Jonquières
6%
La Livinière
6%
Le Pradal
6%
Lieuran-Cabrières
6%
Montouliers
6%
Montoulieu
6%
Moulès-et-Baucels
6%
Pailhès
6%
Pierrerue
6%
Prades-sur-Vernazobre
6%
Saint-André-de-Buèges
6%
Saint-Étienne-d'Albagnan
6%
Saint-Félix-de-l'Héras
6%
Saint-Hilaire-de-Beauvoir
6%
Saint-Jean-de-Cornies
6%
Saint-Michel
6%
Saint-Nazaire-de-Ladarez
6%
Saint-Pierre-de-la-Fage
6%
Saint-Sériès
6%
Saint-Vincent-d'Olargues
6%
Soumont
6%
Vacquières
6%
Villemagne-l'Argentière
6%
Villespassans
6%
Azillanet
5%
Beaufort
5%
Camplong
5%
Cassagnoles
5%
Coulobres
5%
Dio-et-Valquières
5%
Ferrières-Poussarou
5%
Fouzilhon
5%
Gorniès
5%
Lauroux
5%
La Vacquerie-et-Saint-Martin-de-Castries
5%
Le Cros
5%
Les Plans
5%
Oupia
5%
Rouet
5%
Saint-Étienne-de-Gourgas
5%
Saint-Étienne-Estréchoux
5%
Saint-Guiraud
5%
Saint-Martin-de-l'Arçon
5%
Saint-Privat
5%
Saint-Saturnin-de-Lucian
5%
Siran
5%
Sorbs
5%
Usclas-du-Bosc
5%
Boisset
4%
Brenas
4%
Carlencas-et-Levas
4%
Cesseras
4%
Fozières
4%
La Caunette
4%
Mérifons
4%
Montesquieu
4%
Olmet-et-Villecun
4%
Rieussec
4%
Romiguières
4%
Roquessels
4%
Saint-Geniès-de-Varensal
4%
Taussac-la-Billière
4%
Valmascle
4%
Verreries-de-Moussans
4%
Lavalette
3%
Vélieux
3%
Aucun quiz correspondant
Distribution des résultats
% des personnes avec chaque résultat
Percentile par nombre de réponses
Votre historique - résultats
Vous n’avez pas pris ce quiz